[Event "AUTO-MASTER-2171"]
[Site "http://www.queenalice.com/game.php?id=1314758"]
[Date "2014.10.12"]
[Round "1"]
[White "artegasparphb"]
[Black "danthebugman"]
[Result "1-0"]
[WhiteElo "2082"]
[BlackElo "2057"]

1. e4 Nf6 2. e5 Nd5 3. c4 Nb6 4. c5 Nd5 5. Bc4 e6 6. Bxd5 exd5 7. d4 d6 8. cxd6
cxd6 9. Nf3 Be7 10. O-O O-O 11. Nc3 dxe5 12. dxe5 Be6 13. Be3 Nc6 14. a3 Qd7 15.
Re1 Rad8 16. Bd4 Bg4 17. b4 Bxf3 18. gxf3 Qf5 19. Nb5 a6 20. Nc3 1-0

[Event "AUTO-MASTER-2171"]
[Site "http://www.queenalice.com/game.php?id=1314759"]
[Date "2014.10.12"]
[Round "1"]
[White "danthebugman"]
[Black "artegasparphb"]
[Result "0-1"]
[WhiteElo "2042"]
[BlackElo "2097"]

1. e4 e5 2. Nf3 Nc6 3. Bc4 Be7 4. d4 exd4 5. O-O Nf6 6. Nxd4 Nxe4 7. Nf5 O-O 8.
Qg4 g6 9. Nh6+ Kg7 10. Qxe4 Bg5 11. Nxf7 Rxf7 12. Bxf7 Kxf7 13. Qd5+ Kg7 14.
Bxg5 Qf8 15. Nc3 d6 16. Ne4 Bf5 17. Bf6+ Kh6 0-1

[Event "AUTO-MASTER-2171"]
[Site "http://www.queenalice.com/game.php?id=1314776"]
[Date "2014.10.12"]
[Round "1"]
[White "danthebugman"]
[Black "Herivelto"]
[Result "0-1"]
[WhiteElo "2095"]
[BlackElo "2039"]

1. e4 c5 2. d4 cxd4 3. c3 dxc3 4. Nxc3 Nc6 5. Nf3 g6 6. Bc4 Bg7 7. e5 Nxe5 8.
Nxe5 Bxe5 9. Qd5 Bxc3+ 10. bxc3 e6 0-1

[Event "AUTO-MASTER-2171"]
[Site "http://www.queenalice.com/game.php?id=1314777"]
[Date "2014.10.12"]
[Round "1"]
[White "Herivelto"]
[Black "danthebugman"]
[Result "1-0"]
[WhiteElo "2019"]
[BlackElo "2111"]

1. Nf3 g6 2. c4 Bg7 3. d4 c5 4. d5 b5 5. e4 Nf6 6. Qc2 O-O 7. Be2 bxc4 8. Qxc4
Ba6 9. Qc2 Bxe2 10. Qxe2 e6 11. Nc3 exd5 12. Nxd5 1-0

[Event "AUTO-MASTER-2171"]
[Site "http://www.queenalice.com/game.php?id=1314778"]
[Date "2014.10.12"]
[Round "1"]
[White "danthebugman"]
[Black "Zugswang"]
[Result "0-1"]
[WhiteElo "2128"]
[BlackElo "2246"]

1. e4 d6 2. d4 g6 3. Be3 Bg7 4. Qd2 Nf6 5. f3 h5 6. Nc3 c6 7. Bc4 d5 8. Bd3 b5
9. e5 Ng8 10. Nge2 Nh6 0-1

[Event "AUTO-MASTER-2171"]
[Site "http://www.queenalice.com/game.php?id=1314779"]
[Date "2014.10.12"]
[Round "1"]
[White "Zugswang"]
[Black "danthebugman"]
[Result "1-0"]
[WhiteElo "2210"]
[BlackElo "2028"]

1. e4 Nf6 2. e5 Nd5 3. c4 Nb6 4. d4 d6 5. f4 g6 6. Nc3 Bg7 7. Nf3 O-O 8. Be2
dxe5 9. fxe5 c5 10. d5 Bg4 11. Bf4 Bxf3 12. gxf3 N8d7 13. Qd2 Nxe5 14. b3 e6 15.
O-O-O 1-0

[Event "AUTO-OPEN-3086"]
[Site "http://www.queenalice.com/game.php?id=1315342"]
[Date "2014.10.14"]
[Round "3"]
[White "danthebugman"]
[Black "JORGESILVA19D"]
[Result "0-1"]
[WhiteElo "1956"]
[BlackElo "2262"]

1. e4 c6 2. d4 d5 3. exd5 cxd5 4. c4 e6 5. Nc3 Nf6 6. Nf3 Be7 7. cxd5 Nxd5 8.
Bd3 O-O 9. O-O b6 10. Nxd5 exd5 11. Qc2 g6 12. Re1 Bf6 13. Bh6 Bg7 14. Bxg7 Kxg7
15. Rac1 Nd7 16. Qc6 Rb8 17. Qd6 Bb7 18. Rc7 Nf6 19. Qxd8 Rfxd8 20. Ree7 Rd6 21.
Rxf7+ Kh6 22. Rxb7 Rxb7 0-1

[Event "AUTO-OPEN-3086"]
[Site "http://www.queenalice.com/game.php?id=1315343"]
[Date "2014.10.14"]
[Round "3"]
[White "JORGESILVA19D"]
[Black "danthebugman"]
[Result "1-0"]
[WhiteElo "2259"]
[BlackElo "1960"]

1. e4 Nf6 2. e5 Nd5 3. Nf3 d6 4. Bc4 Nb6 5. Bxf7+ Kxf7 6. Ng5+ Kg8 7. e6 Qe8 8.
Qf3 g6 9. Nc3 Nc6 10. Qe4 Bg7 11. Nd5 Nxd5 12. Qxd5 Nd4 13. O-O h6 14. c3 Ne2+
15. Kh1 Nf4 16. Qe4 hxg5 17. d4 Nxe6 18. f4 gxf4 19. Bxf4 Nxf4 20. Rxf4 e5 21.
Re1 Be6 22. dxe5 Bxe5 23. Rh4 1-0

[Event "Challenge"]
[Site "http://www.queenalice.com/game.php?id=1316461"]
[Date "2014.10.18"]
[Round "-"]
[White "Huevo"]
[Black "danthebugman"]
[Result "1-0"]
[WhiteElo "1982"]
[BlackElo "2077"]

1. c4 g6 2. d4 Bg7 3. e4 c5 4. d5 d6 5. f4 f5 6. Bd3 fxe4 7. Bxe4 Nf6 8. Qc2
Nxe4 9. Qxe4 Qa5+ 10. Ke2 Bf5 11. Qe3 Na6 12. Bd2 Nb4 13. Qb3 1-0

[Event "AUTO-OPEN-3462"]
[Site "http://www.queenalice.com/game.php?id=1351661"]
[Date "2015.4.4"]
[Round "1"]
[White "duschgel"]
[Black "danthebugman"]
[Result "0-1"]
[WhiteElo "1977"]
[BlackElo "1836"]

1. c4 Nc6 2. g3 Nf6 3. Bg2 e5 4. Nc3 Bb4 5. Nd5 Bc5 6. d3 O-O 7. Bg5 Bxf2+ 8.
Kxf2 Ng4+ 9. Kf1 Qxg5 10. Nxc7 Ne3+ 0-1

[Event "AUTO-OPEN-3462"]
[Site "http://www.queenalice.com/game.php?id=1351662"]
[Date "2015.4.4"]
[Round "1"]
[White "danthebugman"]
[Black "duschgel"]
[Result "1-0"]
[WhiteElo "1833"]
[BlackElo "2029"]

1. g4 d5 2. Bg2 e5 3. c4 c6 4. cxd5 cxd5 5. Qb3 Ne7 6. Nc3 e4 7. d3 exd3 8. Bf4
d4 9. Nb5 Na6 10. Nd6+ Kd7 11. Qb5+ Ke6 12. Nf3 f6 13. Nxd4# 1-0

[Event "AUTO-OPEN-3462"]
[Site "http://www.queenalice.com/game.php?id=1351687"]
[Date "2015.4.4"]
[Round "1"]
[White "danthebugman"]
[Black "anietoro"]
[Result "0-1"]
[WhiteElo "1806"]
[BlackElo "2190"]

1. e4 e5 2. Bb5 c6 3. Ba4 Nf6 4. d4 Nxe4 5. Nf3 exd4 6. O-O d5 7. Qxd4 b5 8. Bb3
Be6 9. c3 c5 10. Qe3 Be7 11. a4 b4 12. Rd1 Nf6 13. cxb4 cxb4 0-1

[Event "AUTO-OPEN-3462"]
[Site "http://www.queenalice.com/game.php?id=1351688"]
[Date "2015.4.4"]
[Round "1"]
[White "anietoro"]
[Black "danthebugman"]
[Result "1-0"]
[WhiteElo "2191"]
[BlackElo "1804"]

1. c4 Nc6 2. g3 Nf6 3. Bg2 e5 4. Nc3 Bb4 5. Nf3 O-O 6. O-O e4 7. Ng5 Bxc3 8.
dxc3 Re8 9. Qc2 Qe7 10. Nh3 Ne5 11. b3 c6 12. Bg5 d5 13. cxd5 Bxh3 14. Bxh3 cxd5
15. Rfd1 Rad8 16. Rd2 h6 17. Bxf6 1-0

[Event "AUTO-OPEN-3462"]
[Site "http://www.queenalice.com/game.php?id=1351689"]
[Date "2015.4.4"]
[Round "1"]
[White "danthebugman"]
[Black "maurice91"]
[Result "0-1"]
[WhiteElo "1842"]
[BlackElo "1870"]

1. e4 c6 2. d4 d5 3. f3 dxe4 4. Bc4 Nf6 5. Nc3 Bf5 6. g4 Bg6 7. g5 Nd5 8. Nxe4
e6 9. Ne2 b5 10. Bb3 f5 11. gxf6 gxf6 0-1

[Event "AUTO-OPEN-3462"]
[Site "http://www.queenalice.com/game.php?id=1351690"]
[Date "2015.4.4"]
[Round "1"]
[White "maurice91"]
[Black "danthebugman"]
[Result "1-0"]
[WhiteElo "1854"]
[BlackElo "1858"]

1. d4 Nc6 2. d5 Ne5 3. e4 e6 4. h3 exd5 5. Qxd5 d6 6. Bf4 Nf6 7. Qd1 Nxe4 8.
Bxe5 dxe5 9. Qxd8+ Kxd8 10. Bd3 Nc5 11. Be2 Bf5 12. Na3 1-0

[Event "AUTO-ADV-3388"]
[Site "http://www.queenalice.com/game.php?id=1352011"]
[Date "2015.4.6"]
[Round "1"]
[White "danthebugman"]
[Black "JoseHenrique"]
[Result "0-1"]
[WhiteElo "1802"]
[BlackElo "1750"]

1. f4 d5 2. Nf3 c5 3. e3 Nf6 4. b3 Nc6 5. Bb2 g6 6. Bb5 Bg7 7. Ne5 Bd7 8. Bxc6
Bxc6 9. d3 Rc8 10. Nd2 O-O 11. O-O b6 12. Nxc6 Rxc6 0-1

[Event "AUTO-ADV-3388"]
[Site "http://www.queenalice.com/game.php?id=1352012"]
[Date "2015.4.6"]
[Round "1"]
[White "JoseHenrique"]
[Black "danthebugman"]
[Result "1-0"]
[WhiteElo "1768"]
[BlackElo "1784"]

1. e4 c5 2. Nc3 g6 3. b3 Bg7 4. Bb2 Nc6 5. Nf3 Nf6 6. Bc4 Nxe4 7. Nxe4 Bxb2 8.
Rb1 Bg7 9. Nxc5 d5 10. Bb5 e5 11. d3 Qa5+ 12. b4 Qxb5 13. a4 Qb6 14. a5 1-0

[Event "AUTO-ADV-3388"]
[Site "http://www.queenalice.com/game.php?id=1352013"]
[Date "2015.4.6"]
[Round "1"]
[White "danthebugman"]
[Black "jalhallib"]
[Result "0-1"]
[WhiteElo "1821"]
[BlackElo "2029"]

1. f4 b5 2. e3 Bb7 3. Nf3 a6 4. Be2 c5 5. O-O e6 6. b3 Nf6 7. Bb2 d5 8. c4 b4 9.
a3 Nc6 10. cxd5 Nxd5 11. axb4 Ndxb4 12. Na3 Nd3 13. Bc3 h6 14. Nc4 f6 0-1

[Event "AUTO-ADV-3388"]
[Site "http://www.queenalice.com/game.php?id=1352014"]
[Date "2015.4.6"]
[Round "1"]
[White "jalhallib"]
[Black "danthebugman"]
[Result "1-0"]
[WhiteElo "2037"]
[BlackElo "1813"]

1. d4 Nc6 2. c4 d5 3. c5 e5 4. Nf3 exd4 5. Nxd4 Bxc5 6. Nxc6 bxc6 7. e3 Nf6 8.
h3 O-O 9. Be2 Bf5 10. Nc3 Ne4 11. Nxe4 Bxe4 12. Bf3 Bxf3 13. Qxf3 Bb4+ 14. Bd2
Bxd2+ 15. Kxd2 1-0

[Event "AUTO-ADV-3388"]
[Site "http://www.queenalice.com/game.php?id=1352015"]
[Date "2015.4.6"]
[Round "1"]
[White "danthebugman"]
[Black "mascarade"]
[Result "0-1"]
[WhiteElo "1857"]
[BlackElo "1793"]

1. f4 b6 2. Nf3 Bb7 3. e3 e6 4. Be2 Na6 5. O-O f5 6. c4 Qe7 7. d4 Nf6 8. Nc3 Qf7
9. Ne5 Qe7 10. Bf3 d5 0-1